Using the IBM Block Storage CSI Driver in a Red Hat OpenShift Environment /

RedHat OpenShift container platform is one of the leading enterprise-grade container orchestration platforms. It is designed for rapid deployment of web applications, databases, and microservices. Categorized as a container orchestration Platform as a Service (PaaS), it is based on open industry sta...

Full description

Bibliographic Details
Main Authors: Helmbrecht, Detlef (Author), Casey, Simon (Author), Defiebre, Mathias (Author), Dufrasne, Bert (Author), Schaefer, Michael (Author), Seipp, Harald (Author), Wohlfarth, Ralf (Author)
Corporate Author: Safari, an O'Reilly Media Company
Format: eBook
Language:English
Published: IBM Redbooks, 2021.
Edition:1st edition.
Subjects:
Online Access:Connect to this electronic resource

MARC

Tag First Indicator Second Indicator Subfields
LEADER 00000uam a2200000 a 4500
001 in00004363613
005 20260128205901.3
006 m o d
007 cr cn
008 110521s2021 xx o eng
020 |z 9780738459677 
020 |z 0738459674 
024 8 |a 9780738459677 
035 |a (CaSebORM)9780738459677 
040 |d UtOrBLW 
041 0 |a eng 
100 1 |a Helmbrecht, Detlef,  |e author. 
245 1 0 |a Using the IBM Block Storage CSI Driver in a Red Hat OpenShift Environment /  |c Helmbrecht, Detlef. 
250 |a 1st edition. 
264 1 |b IBM Redbooks,  |c 2021. 
300 |a 1 online resource (140 pages) 
336 |a text  |b txt  |2 rdacontent 
337 |a computer  |b c  |2 rdamedia 
338 |a online resource  |b cr  |2 rdacarrier 
347 |a text file 
365 |b 20.00 
520 |a RedHat OpenShift container platform is one of the leading enterprise-grade container orchestration platforms. It is designed for rapid deployment of web applications, databases, and microservices. Categorized as a container orchestration Platform as a Service (PaaS), it is based on open industry standards, such as the Container Runtime Interface - Open (CRI-O) and Kubernetes. OpenShift allow developers to focus on the code, while the platform manages the complex IT operations and processes. Although open-source, community-driven container orchestration platforms are available, such as OKD and Kubernetes, this IBM® Redpaper® publication focuses on Red Hat OpenShift. It describes the basic concepts of OpenShift persistent storage architecture and its integration into IBM Cloud® Paks. The deployment of the IBM block storage CSI driver also is discussed. This publication also describes the concepts, technology and current working practices for installing the Container Storage Interface (CSI) plug-in for Kubernetes to use IBM Enterprise Storage platforms for persistent storage coupled with Red Hat OpenShift Container Platform (OCP). This publication also provides an overview of containers, Kubernetes, and Openshift for context (it is expected that the reader has a working knowledge of these underlying technologies). It also includes architectural examples of the orchestration platform will be given. This paper serves as a guide about how to deploy the CSI driver for block storage by using the DS8000® and Spectrum Virtualize platforms as persistent storage in a Red Hat OpenShift platform. The publication is intended for storage administrators, IT architects, OpenShift technical specialists and anyone who wants to integrate IBM Enterprise storage on OpenShift V4.3/4.4/4.5 on IBM Power, IBM Z®, and x86 systems. 
533 |a Electronic reproduction.  |b Boston, MA :  |c Safari,  |n Available via World Wide Web.  |d 2021. 
538 |a Mode of access: World Wide Web. 
542 |f Copyright 2021 © IBM  |g 2021 
550 |a Made available through: Safari, an O'Reilly Media Company. 
588 0 |a Online resource; Title from title page (viewed May 12, 2021) 
500 |a Electronic resource. 
655 7 |a Electronic books.  |2 local 
700 1 |a Casey, Simon,  |e author. 
700 1 |a Defiebre, Mathias,  |e author. 
700 1 |a Dufrasne, Bert,  |e author. 
700 1 |a Schaefer, Michael,  |e author.  |0 http://id.loc.gov/authorities/names/n81048749 
700 1 |a Seipp, Harald,  |e author. 
700 1 |a Wohlfarth, Ralf,  |e author. 
710 2 |a Safari, an O'Reilly Media Company. 
856 4 0 |u https://proxy.library.tamu.edu/login?url=https://go.oreilly.com/TAMU/library/view/-/9780738459677/?ar  |z Connect to this electronic resource  |t 0 
999 f f |s d52ca5d5-8d65-3780-bfc9-653dd270550d  |i cc6a463b-2258-3c6d-a190-0ed70ff00e20  |t 0 
952 f f |a Texas A&M University  |b College Station  |c Electronic Resources  |s www_evans  |d Available Online  |t 0  |h No information provided 
998 f f |t 0  |l Available Online